| 000 | 00966nam a22002537a 4500 | ||
|---|---|---|---|
| 999 |
_c65749 _d65749 |
||
| 005 | 20240530110841.0 | ||
| 008 | 200909s2019 ua f 000 0 ara d | ||
| 017 |
_a2019/10970 _bمصر. دار الكتب |
||
| 020 | _a9789779123646 | ||
| 040 |
_aEG-CaGPL _cEG-CaGPL |
||
| 082 | 0 | 4 |
_221 _a614.4 _bق/ل أ |
| 100 | 0 | _aليلى السيد عبدالعزيز | |
| 245 | 1 | 2 |
_aالامراض والاوبئة واثارها على المجتمع المصرى 1798 - 1813 م / _cليلى السيد عبدالعزيز |
| 250 | _aط.2 | ||
| 260 |
_aالقاهرة : _bالهيئة المصرية العامة للكتاب، _c2019. |
||
| 300 |
_a452 ص. ؛ _c24 سم. |
||
| 504 | _aببليوجرافية ص 447 - 450 | ||
| 650 | 0 | 7 | _aالاوبئة |
| 650 | 0 | 7 |
_aالاوبئة _zمصر |
| 650 | 0 | 7 | _aالعدوى والامراض المعدية |
| 650 | 0 | 7 |
_aالامراض _xعدوى |
| 942 |
_2ddc _cBK |
||